000 00571nam a2200217Ia 4500
005 20241129120134.0
008 241129s9999||||xx |||||||||||||| ||und||
020 _a9789388028103
037 _aTB
040 _aSDCL
_beng
_cSDCL
041 _aeng
_2eng
084 _aD651:4, Q9
_qSDCL
100 _aAnand Kumar A.
_9467241
245 0 _aNetwork Analysis and Synthesis
260 _aDelhi
_bPHI Learning
_c2019
300 _axvii,981p.
365 _aINR
_b795
650 _aElectronic Science
942 _cTB
_hD651:4, Q9
999 _c1233510
_d1233510